000
00291nam a22001337a 4500
020
_a
0340416521
082
_a
658.4FEA
100
_a
Fearns Peter
_9
6553
245
_a
Business Studies
260
_a
Britain
_b
Richard clay
_c
1998
300
_a
viii,294p,19cm
500
_a
index
942
_c
BK
999
_c
17834
_d
17834